Länder, die Nigeria am Nächsten Liegen - Statistiken

Allgemein
  • Dieses Quiz wurde 191 mal gespielt
  • Das Durchschnittsergebnis liegt bei 17 aus 20
Antwortstatistiken
Km Land % Korrekt
0 Niger
98%
0 Tschad
96%
805 Demokratische Republik Kongo
95%
0 Kamerun
95%
599 Kongo
95%
101 Togo
94%
214 Mali
93%
169 Ghana
91%
0 Benin
90%
95 Äquatorial-Guinea
88%
572 Elfenbeinküste
86%
600 Algerien
85%
129 Burkina Faso
85%
316 Zentralafrikanische Republik
84%
779 Sudan
83%
1084 Libyen
81%
1043 Mauretanien
80%
418 Gabun
79%
1110 Angola
74%
299 São Tomé und Príncipe
69%
Keine übereinstimmenden Quizze gefunden
Verteilung der Resultate
Anzahl Personen mit jedem Resultat
Perzentil nach korrekt beantworteten Fragen
Ihre Resultats-Entwicklung
Sie haben dieses Quiz noch nicht gespielt